秋田県の市町村(1968年) - Statistics

General Stats
  • This quiz has been taken 14 times
  • The average score is 40 of 73
Answer Stats
コード 市町村 備考 % Correct
05201 秋田市
100%
05202 能代市
100%
05203 横手市
100%
05204 大館市
91%
05206 男鹿市
91%
05205 本荘市 2005年消滅
82%
05207 湯沢市
82%
05208 大曲市 2005年消滅
82%
05303 鹿角郡小坂町
82%
05321 北秋田郡鷹巣町 2005年消滅
82%
05324 北秋田郡阿仁町 2005年消滅
82%
05301 鹿角郡花輪町 1972年消滅
73%
05302 鹿角郡十和田町 1972年消滅
73%
05327 北秋田郡上小阿仁村
73%
05363 南秋田郡八郎潟町
64%
05368 南秋田郡大潟村
64%
05401 由利郡仁賀保町 2005年消滅
64%
05403 由利郡象潟町 2005年消滅
64%
05423 仙北郡角館町 2005年消滅
64%
05426 仙北郡田沢湖町 2005年消滅
64%
05445 平鹿郡十文字町 2005年消滅
64%
05304 鹿角郡尾去沢町 1972年消滅
55%
05305 鹿角郡八幡平村 1972年消滅
55%
05326 北秋田郡合川町 2005年消滅
55%
05342 山本郡二ツ井町 2006年消滅
55%
05343 山本郡八森町 2006年消滅
55%
05344 山本郡山本町 2006年消滅
55%
05346 山本郡藤里町
55%
05347 山本郡峰浜村 2006年消滅
55%
05361 南秋田郡五城目町
55%
05362 南秋田郡昭和町 2005年消滅
55%
05364 南秋田郡飯田川町 2005年消滅
55%
05366 南秋田郡井川村 1974年昇格
55%
05402 由利郡金浦町 2005年消滅
55%
05404 由利郡矢島町 2005年消滅
55%
05405 由利郡岩城町 2005年消滅
55%
05406 由利郡由利町 2005年消滅
55%
05422 仙北郡西仙北町 2005年消滅
55%
05433 仙北郡仙南村 2004年消滅
55%
05443 平鹿郡雄物川町 2005年消滅
55%
05462 雄勝郡雄勝町 2005年消滅
55%
05463 雄勝郡羽後町
55%
05464 雄勝郡東成瀬村
55%
05322 北秋田郡比内町 2005年消滅
45%
05323 北秋田郡森吉町 2005年消滅
45%
05365 南秋田郡天王町 2005年消滅
45%
05381 河辺郡河辺町 2005年消滅
45%
05382 河辺郡雄和村 1972年昇格
45%
05408 由利郡鳥海村 1980年昇格
45%
05409 由利郡東由利村 1974年昇格
45%
05421 仙北郡神岡町 2005年消滅
45%
05425 仙北郡中仙町 2005年消滅
45%
05429 仙北郡仙北村 1974年昇格
45%
05430 仙北郡西木村 2005年消滅
45%
05441 平鹿郡増田町 2005年消滅
45%
05442 平鹿郡平鹿町 2005年消滅
45%
05446 平鹿郡山内村 2005年消滅
45%
05465 雄勝郡皆瀬村 2005年消滅
45%
05325 北秋田郡田代町 2005年消滅
36%
05341 山本郡琴丘町 2006年消滅
36%
05345 山本郡八竜町 2006年消滅
36%
05367 南秋田郡琴浜村 1970年昇格
36%
05407 由利郡西目村 1975年昇格
36%
05410 由利郡大内村 1970年昇格
36%
05424 仙北郡六郷町 2004年消滅
36%
05428 仙北郡南外村 2005年消滅
36%
05431 仙北郡太田村 1969年昇格
36%
05432 仙北郡千畑村 1986年昇格
36%
05461 雄勝郡稲川町 2005年消滅
36%
05427 仙北郡協和村 1969年昇格
27%
05447 平鹿郡大雄村 2005年消滅
27%
05444 平鹿郡大森町 2005年消滅
18%
05431 仙北郡太田町 2005年消滅
9%
No matching quizzes found
Score Distribution
Percent of People with Each Score
Percentile by Number Answered
Your Score History
You have not taken this quiz